000 01760nam a22003974i 4500
999 _c64615
_d64615
001 12843000
003 CO-MdFUSB
005 20191023124507.0
008 020703s2002 nju b 001 0 eng
010 _a 2002028538
020 _a0875522149 (pbk.)
040 _aDLC
_dDLC
_bspa
_cCO-MdFUSB
_erda
041 _aeng
042 _apcc
082 0 0 _a261.27
_223
_bZ97
100 1 _aZwemer, Samuel Marinus,
_d1867-1952.
_eautor
245 1 0 _aIslam and the cross
_b: selections from "the Apostle to Islam"
_c/ Samuel M. Zwemer ; editor Roger S. Greenway.
264 1 _aPhillipsburg, N.J. :
_bP&R Publishing,
_c℗[2002]
264 4 _c©2002
300 _axviii, 165 páginas ;
_c22 cm.
336 _2rdacontent
_atexto
_btxt
337 _2rdamedia
_asin mediación
_bn
338 _2rdacarrier
_avolumen
_bnc
504 _aIncluye índice de la escritura (página 159) Incluye índice temático y de nombres (página 161)
505 _tFuentes para el islam y la cruz. --
_tIntroducción por Roger S. Greenway. --
_tParte 1. Islam y cristianismo
_aEl Cristo musulmán - Mahoma y Cristo - Islam y el Espíritu Santo - El obstáculo del cristianismo - El camino hacia el corazón musulmán
505 _tParte 2. Islam y animismo
_aInfluencia del animismo - El espíritu familiar fr Qarina - El sacrificio akika - Animismo en el credo y el corán
505 _tConclusión: un llamado a la oración
_tNotas
653 _aMahoma -- Vida y obras.
653 _aCorán.
700 1 _aGreenway, Roger S.
_eeditor
906 _a7
_bcbc
_corignew
_d1
_eocip
_f20
_gy-gencatlg
942 _cBK
945 _aJTF-925